| 000 | 00652cam a2200181Ma 4500 | ||
|---|---|---|---|
| 020 | _a184821524X (hardback) | ||
| 020 | _a9781848215245 (hardback) | ||
| 082 | 0 | 4 |
_a624.1762 _bSEI _cM-38 ,P-106 |
| 245 | 0 | 0 |
_aSeismic vulnerability of structures / _cedited by Philippe Guéguen. |
| 260 |
_aLondon : _bISTE ; _aHoboken, NJ : _bWiley, _c2013. |
||
| 300 |
_axxiv, 344 p. : _bill., maps ; _c24 cm. |
||
| 490 | 1 | _aCivil engineering and geomechanics series | |
| 526 |
_a0 _b0 _c0 _d624_176200000000000_SEI |
||
| 650 | 0 |
_aBuildings _xEarthquake effects. _bMCE _936319 |
|
| 650 | 0 | _aEarthquake engineering. | |
| 700 | 1 |
_aGuéguen, Philippe. _936320 |
|
| 942 |
_2ddc _cBK |
||
| 999 |
_c541444 _d541444 |
||